00736nam a2200253 a 4500001001300000003000900013005001700022008004100039020000800080082001600088100002700104245003100131260004000162300000900202500003500211505001000246650002500256650003200281700002700313902000800340942000700348952011200355999001500467nice12345678IN_TiNIC20260116012210.0050524s1973 luca grp 000 0 urd  ac600a297.81bNAD aNadvi, M Arif Sambhali aBarelvi Fitna Ka Naya Rup. aLucknowbKutub Khana Alfurqanc1973 a220p aincludes index and biblioraphy2 aIndex aIslam-Sects- Barelvi aIslam-Sects-Conflicts-Sunni1 aNadvi, M Arif Sambhali bSRS cBK 001040708StackRoom-aHMIbHMId2007-06-27g6.00l0o297.81 NADp07758r2007-06-27v6.00w2005-05-24yBK c6044d6044